000 00379nam a22001217a 4500
008 150327b xxu||||| |||| 00| 0 eng d
020 _a9780071783866
020 _a0071783865
041 0 _aeng
080 _a167.5
245 _aPatents and strategic inventing :
_cNicholas J. Nissing.
942 _2udc
_cBK
999 _c549
_d549